| 000 | 00537nam a2200193Ia 4500 | ||
|---|---|---|---|
| 001 | 15365 | ||
| 003 | GE_BSU | ||
| 008 | 181216s||||||||xx |||||||||||||| ||und|| | ||
| 040 | _cGE_BSU | ||
| 080 | _a821.353.1-32 | ||
| 100 | _aყიფიანი, ედიშერ | ||
| 245 | _aორტომეული.(1924-1973) ტ. 2 | ||
| 260 | _aთბილისი | ||
| 260 | _bსაბჭ. საქართველო | ||
| 260 | _c1976 | ||
| 300 | _a570გვ.22სმ. | ||
| 653 | _aორტომეული | ||
| 942 | _cBK | ||
| 999 |
_c48471 _d48471 |
||